[Event "Nationale pupillendag 2017 - categorie F"]
[Site "Meppel"]
[Date "2017.06.17"]
[Round "4.2"]
[White "Feng, Elysia"]
[Black "Maris, Lauri"]
[Result "0-1"]
[BlackElo "1073"]
[WhiteElo "806"]
[LiveChessVersion "1.4.8"]

1. e4 {[%clk 0:15:19]} e5 {[%clk 0:15:20]} 2. Nf3 {[%clk 0:15:28]} Nc6
{[%clk 0:15:29]} 3. Bc4 {[%clk 0:15:37]} h6 {[%clk 0:15:37]} 4. Nc3
{[%clk 0:15:45]} Nf6 {[%clk 0:15:46]} 5. d3 {[%clk 0:15:54]} Bc5 {[%clk 0:15:52]}
6. Be3 {[%clk 0:15:57]} Bxe3 {[%clk 0:15:59]} 7. fxe3 {[%clk 0:16:07]} d6
{[%clk 0:16:07]} 8. h3 {[%clk 0:16:14]} Be6 {[%clk 0:16:11]} 9. Bxe6
{[%clk 0:16:22]} fxe6 {[%clk 0:16:19]} 10. d4 {[%clk 0:16:28]} exd4
{[%clk 0:16:26]} 11. exd4 {[%clk 0:16:37]} Qd7 12. O-O {[%clk 0:16:44]} O-O-O
{[%clk 0:16:37]} 13. a3 {[%clk 0:16:46]} e5 {[%clk 0:16:30]} 14. d5
{[%clk 0:16:44]} Ne7 {[%clk 0:16:32]} 15. Qd2 {[%clk 0:16:31]} Kb8
{[%clk 0:16:34]} 16. Na2 {[%clk 0:16:20]} Nxe4 {[%clk 0:16:31]} 17. Qd3
{[%clk 0:16:02]} Nc5 {[%clk 0:16:36]} 18. Qd2 {[%clk 0:16:03]} Qb5
{[%clk 0:16:03]} 19. b3 {[%clk 0:15:52]} Ne4 {[%clk 0:15:59]} 20. Qd1
{[%clk 0:15:38]} Qc5+ {[%clk 0:15:50]} 21. Kh2 {[%clk 0:15:37]} Qxd5
{[%clk 0:15:37]} 22. Qe2 {[%clk 0:15:24]} Nf6 {[%clk 0:14:29]} 23. c4
{[%clk 0:15:10]} Qe4 {[%clk 0:14:18]} 24. Qb2 {[%clk 0:15:00]} g5
{[%clk 0:13:51]} 25. Nc3 {[%clk 0:14:57]} Qc6 {[%clk 0:13:52]} 26. Na2
{[%clk 0:14:30]} h5 {[%clk 0:13:39]} 27. Nxg5 {[%clk 0:14:26]} Ne4
{[%clk 0:12:47]} 28. Nf7 {[%clk 0:14:32]} Nc5 {[%clk 0:12:05]} 29. Nxd8
{[%clk 0:14:31]} Rxd8 {[%clk 0:12:10]} 30. Rf7 {[%clk 0:13:55]} Ng6
{[%clk 0:12:07]} 31. Rf6 {[%clk 0:13:33]} Nf4 {[%clk 0:12:11]} 32. Re1
{[%clk 0:12:40]} Ncd3 {[%clk 0:12:14]} 33. Qd2 {[%clk 0:12:31]} Nxe1
{[%clk 0:12:22]} 34. Qxe1 {[%clk 0:12:40]} Qxg2# {[%clk 0:12:30]} 0-1

[Event "Nationale pupillendag 2017 - categorie F"]
[Site "Meppel"]
[Date "2017.06.17"]
[Round "4.3"]
[White "Visser, Isaac"]
[Black "De Heij, Mees"]
[Result "0-1"]
[BlackElo "887"]
[WhiteElo "735"]
[LiveChessVersion "1.4.8"]

1. e4 {[%clk 0:15:19]} c5 {[%clk 0:15:18]} 2. c3 {[%clk 0:15:27]} Nc6
{[%clk 0:15:27]} 3. d4 {[%clk 0:15:30]} cxd4 {[%clk 0:15:35]} 4. cxd4
{[%clk 0:15:39]} e5 {[%clk 0:15:44]} 5. Nf3 {[%clk 0:15:46]} exd4
{[%clk 0:15:50]} 6. Nxd4 {[%clk 0:15:55]} d5 {[%clk 0:15:58]} 7. Nc3
{[%clk 0:15:53]} Bb4 {[%clk 0:15:58]} 8. f3 {[%clk 0:15:29]} dxe4
{[%clk 0:15:58]} 9. fxe4 {[%clk 0:15:35]} Qxd4 {[%clk 0:16:04]} 10. Qxd4
{[%clk 0:15:43]} Nxd4 {[%clk 0:16:12]} 11. Bd3 {[%clk 0:15:20]} Nf6
{[%clk 0:16:16]} 12. e5 {[%clk 0:15:11]} Nd5 {[%clk 0:16:24]} 13. Bd2
{[%clk 0:15:13]} Nxc3 {[%clk 0:16:28]} 14. Bxc3 {[%clk 0:15:21]} Bxc3+
{[%clk 0:16:36]} 15. bxc3 {[%clk 0:15:28]} Nc6 {[%clk 0:16:45]} 16. Bb5
{[%clk 0:15:34]} O-O {[%clk 0:16:49]} 17. O-O {[%clk 0:15:41]} a6
{[%clk 0:16:58]} 18. Bd3 {[%clk 0:15:50]} Nxe5 {[%clk 0:17:05]} 19. Bc2
{[%clk 0:15:53]} h6 {[%clk 0:17:10]} 20. Rae1 Nc4 21. Bb3 {[%clk 0:15:55]} Nd2
{[%clk 0:17:28]} 22. Rf2 {[%clk 0:15:59]} Nxb3 {[%clk 0:17:35]} 23. axb3
{[%clk 0:16:08]} Be6 {[%clk 0:17:42]} 24. Rfe2 {[%clk 0:16:15]} Bxb3
{[%clk 0:17:49]} 25. Kf2 {[%clk 0:16:20]} Rac8 {[%clk 0:17:55]} 26. g3
{[%clk 0:15:48]} Rxc3 {[%clk 0:17:23]} 27. Re8 {[%clk 0:15:53]} Rxe8
{[%clk 0:17:18]} 28. Rxe8+ {[%clk 0:16:01]} Kh7 {[%clk 0:17:27]} 29. Re1
{[%clk 0:16:04]} Rc2+ {[%clk 0:17:35]} 30. Ke3 {[%clk 0:15:58]} Rxh2
{[%clk 0:17:32]} 31. g4 {[%clk 0:16:02]} Rh4 {[%clk 0:17:40]} 32. Kf4
{[%clk 0:16:07]} Be6 {[%clk 0:17:47]} 33. Rg1 {[%clk 0:16:08]} Rxg4+
{[%clk 0:17:54]} 34. Rxg4 Bxg4 35. Kxg4 {[%clk 0:16:13]} b5 {[%clk 0:18:12]} 36.
Kf3 {[%clk 0:15:53]} g5 {[%clk 0:18:19]} 37. Kg4 {[%clk 0:15:58]} b4
{[%clk 0:18:28]} 38. Kf3 {[%clk 0:16:01]} b3 {[%clk 0:18:36]} 39. Ke2
{[%clk 0:16:07]} b2 {[%clk 0:18:44]} 40. Kf3 {[%clk 0:16:13]} b1=R 41. Ke4
{[%clk 0:16:10]} f5+ {[%clk 0:19:01]} 42. Kxf5 {[%clk 0:16:16]} g4
{[%clk 0:19:10]} 43. Kxg4 {[%clk 0:16:23]} h5+ {[%clk 0:19:18]} 44. Kxh5
{[%clk 0:16:30]} Rg1 {[%clk 0:19:26]} 45. Kh4 {[%clk 0:16:38]} Kg6
{[%clk 0:19:35]} 46. Kh3 {[%clk 0:16:44]} Kf5 {[%clk 0:19:44]} 47. Kh4
{[%clk 0:16:51]} Rg8 {[%clk 0:19:52]} 48. Kh3 {[%clk 0:16:53]} Kf4
{[%clk 0:20:02]} 49. Kh2 {[%clk 0:16:59]} Kf3 {[%clk 0:20:10]} 50. Kh3
{[%clk 0:16:59]} Rh8# {[%clk 0:20:19]} 0-1

[Event "Nationale pupillendag 2017 - categorie F"]
[Site "Meppel"]
[Date "2017.06.17"]
[Round "4.4"]
[White "De Jong, Quint"]
[Black "Aubel, Koen"]
[Result "0-1"]
[BlackElo "819"]
[WhiteElo "967"]
[LiveChessVersion "1.4.8"]

1. d4 {[%clk 0:15:20]} f5 {[%clk 0:15:19]} 2. c4 {[%clk 0:15:27]} Nf6
{[%clk 0:15:27]} 3. b3 {[%clk 0:15:35]} e6 {[%clk 0:15:35]} 4. Bb2
{[%clk 0:15:43]} Be7 {[%clk 0:15:42]} 5. e3 {[%clk 0:15:51]} O-O {[%clk 0:15:46]}
6. Nd2 {[%clk 0:15:57]} d6 {[%clk 0:15:52]} 7. Bd3 {[%clk 0:16:03]} Nbd7
{[%clk 0:15:23]} 8. Ne2 {[%clk 0:16:11]} e5 {[%clk 0:15:28]} 9. O-O
{[%clk 0:16:13]} e4 {[%clk 0:15:28]} 10. Bc2 {[%clk 0:16:19]} Qe8
{[%clk 0:15:09]} 11. f3 {[%clk 0:16:22]} Bd8 {[%clk 0:15:01]} 12. Qb1
{[%clk 0:16:14]} exf3 {[%clk 0:14:47]} 13. Rxf3 {[%clk 0:16:14]} g6
{[%clk 0:14:08]} 14. d5 {[%clk 0:16:09]} Ne5 {[%clk 0:14:07]} 15. Bxe5
{[%clk 0:15:57]} Qxe5 {[%clk 0:13:43]} 16. Qe1 {[%clk 0:15:44]} Be7
{[%clk 0:12:39]} 17. Nf4 {[%clk 0:15:34]} Bd7 {[%clk 0:12:09]} 18. e4
{[%clk 0:13:37]} fxe4 {[%clk 0:11:38]} 19. Nxe4 {[%clk 0:13:39]} Nxe4
{[%clk 0:11:33]} 20. Bxe4 {[%clk 0:13:48]} Rxf4 {[%clk 0:11:39]} 21. Rxf4
{[%clk 0:13:46]} Qxf4 {[%clk 0:11:46]} 22. Qe2 {[%clk 0:12:48]} Bg4
{[%clk 0:11:24]} 23. Qd3 {[%clk 0:12:07]} Bf5 {[%clk 0:11:22]} 24. Bxf5
{[%clk 0:12:15]} Qxf5 {[%clk 0:11:30]} 25. Qd4 {[%clk 0:12:09]} Bf6
{[%clk 0:11:35]} 26. Qd1 {[%clk 0:12:04]} Bxa1 27. Qxa1 Rf8 {[%clk 0:11:30]} 28.
Qe1 {[%clk 0:11:51]} Qe5 {[%clk 0:11:22]} 29. Qd2 {[%clk 0:11:43]} Qa1+
{[%clk 0:11:22]} 30. Qd1 {[%clk 0:10:53]} Qxd1# 0-1

[Event "Nationale pupillendag 2017 - categorie F"]
[Site "Meppel"]
[Date "2017.06.17"]
[Round "4.5"]
[White "Van Arendonk, Polle"]
[Black "Mkrtchyan, Raffi"]
[Result "1-0"]
[BlackElo "579"]
[WhiteElo "1105"]
[LiveChessVersion "1.4.8"]

1. e4 {[%clk 0:15:19]} e5 {[%clk 0:15:19]} 2. Nf3 {[%clk 0:15:28]} Nc6
{[%clk 0:15:27]} 3. d4 {[%clk 0:15:37]} exd4 {[%clk 0:15:35]} 4. Nxd4
{[%clk 0:15:46]} Nxd4 {[%clk 0:15:41]} 5. Qxd4 {[%clk 0:15:54]} d6
{[%clk 0:15:42]} 6. Nc3 {[%clk 0:16:01]} Nf6 {[%clk 0:15:48]} 7. Bg5
{[%clk 0:16:07]} Be7 {[%clk 0:15:57]} 8. Bc4 {[%clk 0:15:42]} O-O
{[%clk 0:15:54]} 9. O-O {[%clk 0:15:43]} Be6 {[%clk 0:15:53]} 10. Rfe1
{[%clk 0:13:56]} Bxc4 {[%clk 0:15:58]} 11. Qxc4 {[%clk 0:14:03]} h6
{[%clk 0:15:46]} 12. Be3 {[%clk 0:14:05]} a6 {[%clk 0:15:27]} 13. Qe2
{[%clk 0:14:04]} b5 {[%clk 0:14:40]} 14. a3 {[%clk 0:13:59]} c5 {[%clk 0:14:34]}
15. Bf4 {[%clk 0:13:34]} Qc7 {[%clk 0:13:30]} 16. Rad1 {[%clk 0:13:23]} Nd7
{[%clk 0:13:26]} 17. Nd5 {[%clk 0:13:17]} Qd8 {[%clk 0:13:13]} 18. Nxe7+
{[%clk 0:13:24]} Qxe7 {[%clk 0:13:22]} 19. Bxd6 {[%clk 0:13:31]} Qe6
{[%clk 0:13:00]} 20. Bxf8 {[%clk 0:13:36]} Rxf8 {[%clk 0:13:01]} 21. Qd3
{[%clk 0:11:30]} Nb6 {[%clk 0:12:37]} 22. b3 {[%clk 0:11:20]} Qe5
{[%clk 0:11:38]} 23. Qd6 {[%clk 0:11:06]} Qxd6 {[%clk 0:11:23]} 24. Rxd6
{[%clk 0:11:13]} Nc8 {[%clk 0:11:12]} 25. Rxa6 {[%clk 0:11:21]} Ne7
{[%clk 0:11:00]} 26. Rb6 {[%clk 0:11:12]} Re8 {[%clk 0:10:43]} 27. Rxb5
{[%clk 0:11:19]} Ng6 {[%clk 0:10:50]} 28. Rxc5 {[%clk 0:11:19]} Ra8
{[%clk 0:09:57]} 29. a4 {[%clk 0:11:28]} Nf4 {[%clk 0:09:51]} 30. f3
{[%clk 0:11:27]} Rd8 {[%clk 0:09:40]} 31. g3 {[%clk 0:11:17]} Ne6
{[%clk 0:09:32]} 32. Rd5 {[%clk 0:11:18]} Rxd5 {[%clk 0:09:32]} 33. exd5
{[%clk 0:11:27]} Nd4 {[%clk 0:09:38]} 34. Kf2 {[%clk 0:11:09]} Nxc2
{[%clk 0:09:45]} 35. Rc1 {[%clk 0:11:14]} Nd4 {[%clk 0:09:52]} 36. b4
{[%clk 0:11:19]} Nb3 {[%clk 0:09:28]} 37. Rb1 {[%clk 0:11:22]} Nd2
{[%clk 0:09:29]} 38. Rd1 {[%clk 0:11:22]} Nc4 {[%clk 0:09:34]} 39. d6
{[%clk 0:11:28]} 1-0

[Event "Nationale pupillendag 2017 - categorie F"]
[Site "Meppel"]
[Date "2017.06.17"]
[Round "5.1"]
[White "Maris, Lauri"]
[Black "De Heij, Mees"]
[Result "0-1"]
[BlackElo "887"]
[WhiteElo "1073"]
[LiveChessVersion "1.4.8"]

1. e4 c5 {[%clk 0:15:19]} 2. Nf3 {[%clk 0:15:28]} Nc6 {[%clk 0:15:28]} 3. Nc3
{[%clk 0:15:36]} e5 {[%clk 0:15:31]} 4. Bc4 {[%clk 0:15:40]} d6 {[%clk 0:15:37]}
5. d3 {[%clk 0:15:46]} Be7 {[%clk 0:15:43]} 6. Nd5 {[%clk 0:15:31]} Nf6
{[%clk 0:15:51]} 7. Nxe7 {[%clk 0:15:33]} Qxe7 8. Bg5 {[%clk 0:15:37]} O-O
{[%clk 0:16:05]} 9. O-O {[%clk 0:15:38]} h6 {[%clk 0:16:11]} 10. Bh4
{[%clk 0:15:47]} Be6 {[%clk 0:16:20]} 11. Bb3 {[%clk 0:15:49]} Bxb3
{[%clk 0:16:26]} 12. axb3 {[%clk 0:15:56]} Qe6 {[%clk 0:16:35]} 13. Bxf6
{[%clk 0:15:52]} Qxf6 {[%clk 0:16:42]} 14. Nd2 {[%clk 0:15:49]} Nd4
{[%clk 0:16:44]} 15. c3 {[%clk 0:15:55]} Nc6 {[%clk 0:16:48]} 16. Qf3
{[%clk 0:16:02]} Qxf3 {[%clk 0:16:50]} 17. Nxf3 {[%clk 0:16:10]} a6
{[%clk 0:16:56]} 18. Nh4 {[%clk 0:16:09]} Rad8 {[%clk 0:16:56]} 19. Nf5
{[%clk 0:16:09]} Rfe8 {[%clk 0:17:04]} 20. Rfe1 {[%clk 0:16:07]} d5
{[%clk 0:16:54]} 21. Re3 {[%clk 0:15:13]} d4 {[%clk 0:16:58]} 22. cxd4
{[%clk 0:15:19]} Nxd4 {[%clk 0:16:51]} 23. Nxd4 {[%clk 0:15:28]} cxd4
{[%clk 0:16:59]} 24. Ree1 {[%clk 0:15:32]} Rd6 {[%clk 0:17:05]} 25. Rac1
{[%clk 0:15:39]} Rb6 {[%clk 0:17:13]} 26. Rc5 {[%clk 0:15:40]} Rxb3
{[%clk 0:17:20]} 27. Re2 {[%clk 0:15:47]} Rxd3 {[%clk 0:17:27]} 28. h3
{[%clk 0:15:51]} Rb3 {[%clk 0:17:28]} 29. Rd2 {[%clk 0:15:45]} Rb5
{[%clk 0:17:10]} 30. Rxb5 {[%clk 0:15:51]} axb5 {[%clk 0:17:18]} 31. Rc2
{[%clk 0:16:00]} b6 {[%clk 0:17:21]} 32. Rc7 {[%clk 0:16:01]} d3 {[%clk 0:17:24]}
33. Kf1 {[%clk 0:16:04]} Rd8 {[%clk 0:17:29]} 34. Ke1 {[%clk 0:16:13]} Rd4
{[%clk 0:17:34]} 35. f3 {[%clk 0:16:19]} Rb4 {[%clk 0:17:31]} 36. g4
{[%clk 0:16:12]} Rxb2 {[%clk 0:17:39]} 37. Rd7 {[%clk 0:16:19]} d2+
{[%clk 0:17:30]} 38. Rxd2 {[%clk 0:16:28]} Rxd2 {[%clk 0:17:39]} 39. Kxd2
{[%clk 0:16:37]} f6 {[%clk 0:17:47]} 40. Kc3 {[%clk 0:16:46]} Kf7
{[%clk 0:17:56]} 41. Kb4 {[%clk 0:16:55]} Kg6 {[%clk 0:18:05]} 42. h4
{[%clk 0:17:02]} h5 {[%clk 0:18:14]} 43. Kxb5 {[%clk 0:17:09]} hxg4
{[%clk 0:18:16]} 44. fxg4 {[%clk 0:17:18]} Kh6 {[%clk 0:18:25]} 45. Kxb6
{[%clk 0:17:25]} g5 {[%clk 0:18:34]} 46. h5 {[%clk 0:17:31]} f5 {[%clk 0:18:38]}
47. gxf5 {[%clk 0:17:40]} Kxh5 {[%clk 0:18:45]} 48. Kc5 {[%clk 0:17:48]} g4
{[%clk 0:18:54]} 49. Kd5 {[%clk 0:17:57]} g3 {[%clk 0:19:02]} 50. Kxe5
{[%clk 0:18:05]} g2 {[%clk 0:19:11]} 51. f6 {[%clk 0:18:14]} g1=Q
{[%clk 0:19:18]} 52. Ke6 {[%clk 0:18:23]} Qg4+ {[%clk 0:19:22]} 53. Ke5
{[%clk 0:18:32]} Qg8 {[%clk 0:19:22]} 54. Kd6 {[%clk 0:18:30]} Kg6
{[%clk 0:19:26]} 55. Ke7 {[%clk 0:18:34]} Qf7+ {[%clk 0:19:34]} 56. Kd6
{[%clk 0:18:42]} Qxf6+ {[%clk 0:19:42]} 57. Kd5 {[%clk 0:18:51]} Qe7
{[%clk 0:19:50]} 58. Kd4 {[%clk 0:18:57]} Kg5 59. e5 {[%clk 0:19:02]} Kf5
{[%clk 0:20:06]} 60. Kd5 {[%clk 0:19:11]} Qxe5+ {[%clk 0:20:14]} 61. Kc4
{[%clk 0:19:20]} Qd6 {[%clk 0:20:21]} 62. Kc3 {[%clk 0:19:29]} Ke4
{[%clk 0:20:27]} 63. Kc2 {[%clk 0:19:36]} Ke3 {[%clk 0:20:35]} 64. Kc1
{[%clk 0:19:44]} Ke2 {[%clk 0:20:44]} 65. Kb1 {[%clk 0:19:53]} Qd2
{[%clk 0:20:48]} 66. Ka1 {[%clk 0:20:01]} Kd3 {[%clk 0:20:57]} 67. Kb1
{[%clk 0:20:11]} Kc3 {[%clk 0:21:04]} 68. Ka1 {[%clk 0:20:20]} Qb2# 0-1

[Event "Nationale pupillendag 2017 - categorie F"]
[Site "Meppel"]
[Date "2017.06.17"]
[Round "5.2"]
[White "Huang, Wendy"]
[Black "Van Arendonk, Polle"]
[Result "1-0"]
[BlackElo "1105"]
[WhiteElo "1146"]
[LiveChessVersion "1.4.8"]

1. e4 {[%clk 0:15:19]} e6 {[%clk 0:15:19]} 2. d4 {[%clk 0:15:27]} d5
{[%clk 0:15:28]} 3. exd5 {[%clk 0:15:34]} exd5 {[%clk 0:15:37]} 4. Bd3
{[%clk 0:15:40]} Nf6 {[%clk 0:15:42]} 5. Nf3 {[%clk 0:15:46]} Nc6
{[%clk 0:15:50]} 6. Nc3 {[%clk 0:15:50]} Bg4 {[%clk 0:15:57]} 7. Bb5
{[%clk 0:15:31]} Be7 {[%clk 0:15:37]} 8. h3 {[%clk 0:14:53]} Bh5 {[%clk 0:15:44]}
9. g4 {[%clk 0:12:21]} Bg6 {[%clk 0:15:51]} 10. Ne5 {[%clk 0:12:05]} Qd6
{[%clk 0:15:22]} 11. Bf4 {[%clk 0:11:02]} Qe6 {[%clk 0:15:19]} 12. Qe2
{[%clk 0:08:55]} a6 {[%clk 0:15:05]} 13. Nxc6 {[%clk 0:06:54]} Qxe2+
{[%clk 0:14:47]} 14. Kxe2 {[%clk 0:06:57]} axb5 {[%clk 0:14:35]} 15. Nxe7
{[%clk 0:06:23]} Kxe7 {[%clk 0:14:42]} 16. Nxb5 {[%clk 0:04:12]} c6
{[%clk 0:14:43]} 17. Nc3 {[%clk 0:03:29]} Bxc2 {[%clk 0:14:48]} 18. Kd2
{[%clk 0:03:14]} Bg6 {[%clk 0:14:51]} 19. Rhe1+ {[%clk 0:03:05]} Kd7
{[%clk 0:14:58]} 20. Be5 {[%clk 0:02:44]} Rhe8 {[%clk 0:14:44]} 21. f4
{[%clk 0:01:57]} h6 {[%clk 0:14:32]} 22. f5 {[%clk 0:01:39]} Bh7 {[%clk 0:14:40]}
23. Re2 {[%clk 0:01:37]} h5 {[%clk 0:11:29]} 24. Bxf6 {[%clk 0:00:37]} gxf6
{[%clk 0:11:37]} 25. Rae1 {[%clk 0:00:39]} b6 {[%clk 0:10:52]} 26. Rxe8
{[%clk 0:00:46]} Rxe8 {[%clk 0:11:01]} 27. Rxe8 {[%clk 0:00:52]} Kxe8
{[%clk 0:11:10]} 28. Na4 {[%clk 0:00:56]} b5 {[%clk 0:11:15]} 29. Nc5
{[%clk 0:01:02]} Kd8 {[%clk 0:11:23]} 30. Kc3 {[%clk 0:01:05]} Kc7
{[%clk 0:11:23]} 31. Kb4 {[%clk 0:01:09]} Kd6 {[%clk 0:10:26]} 32. Ka5
{[%clk 0:01:14]} Kc7 {[%clk 0:10:35]} 33. Ka6 {[%clk 0:01:21]} hxg4
{[%clk 0:10:39]} 34. hxg4 {[%clk 0:01:30]} Bg8 {[%clk 0:10:47]} 35. Ka7
{[%clk 0:01:34]} Bh7 {[%clk 0:10:53]} 36. Na6+ {[%clk 0:01:39]} Kd6
{[%clk 0:10:58]} 37. Kb6 {[%clk 0:01:47]} Kd7 {[%clk 0:11:06]} 38. Nb8+
{[%clk 0:01:55]} Kd6 {[%clk 0:11:08]} 39. Nxc6 {[%clk 0:02:01]} b4
{[%clk 0:11:09]} 40. Nxb4 {[%clk 0:02:08]} Bg8 {[%clk 0:11:16]} 41. a4
{[%clk 0:02:17]} Kd7 {[%clk 0:11:25]} 42. Kb7 {[%clk 0:02:24]} 1-0

[Event "Nationale pupillendag 2017 - categorie F"]
[Site "Meppel"]
[Date "2017.06.17"]
[Round "5.3"]
[White "Smeets, Christiaan"]
[Black "Smeets, Kobe"]
[Result "0-1"]
[BlackElo "871"]
[WhiteElo "818"]
[LiveChessVersion "1.4.8"]

1. e4 {[%clk 0:15:19]} c5 {[%clk 0:15:19]} 2. c4 {[%clk 0:15:27]} e5
{[%clk 0:15:25]} 3. Nf3 {[%clk 0:15:34]} Nc6 {[%clk 0:15:33]} 4. Nc3
{[%clk 0:15:39]} Nf6 {[%clk 0:15:39]} 5. Be2 {[%clk 0:15:45]} d6 {[%clk 0:15:45]}
6. d3 {[%clk 0:15:53]} g6 {[%clk 0:15:40]} 7. Bg5 {[%clk 0:15:59]} Bg7
{[%clk 0:15:46]} 8. O-O {[%clk 0:16:04]} Be6 {[%clk 0:15:48]} 9. a4
{[%clk 0:15:54]} a6 {[%clk 0:15:52]} 10. b3 {[%clk 0:16:02]} h6 {[%clk 0:15:59]}
11. Be3 {[%clk 0:16:09]} O-O {[%clk 0:16:03]} 12. Qc1 {[%clk 0:16:13]} g5
{[%clk 0:15:32]} 13. Nd5 {[%clk 0:16:07]} Bxd5 {[%clk 0:15:22]} 14. exd5
{[%clk 0:16:16]} Ne7 {[%clk 0:15:26]} 15. Nd2 {[%clk 0:16:15]} Ng6
{[%clk 0:15:19]} 16. a5 {[%clk 0:16:15]} b5 {[%clk 0:14:54]} 17. cxb5
{[%clk 0:16:22]} axb5 {[%clk 0:14:59]} 18. Qa3 {[%clk 0:16:20]} b4
{[%clk 0:14:50]} 19. Qa4 {[%clk 0:16:24]} Qd7 {[%clk 0:14:55]} 20. Nc4
{[%clk 0:16:24]} Qxa4 {[%clk 0:14:52]} 21. Rxa4 {[%clk 0:16:32]} Rfd8
{[%clk 0:13:24]} 22. Bf3 {[%clk 0:16:30]} g4 {[%clk 0:13:20]} 23. Be2
{[%clk 0:16:31]} Ne7 {[%clk 0:12:59]} 24. Rfa1 {[%clk 0:16:28]} Nexd5
{[%clk 0:13:03]} 25. a6 {[%clk 0:16:32]} Ra7 {[%clk 0:12:26]} 26. g3
{[%clk 0:16:22]} Nxe3 {[%clk 0:12:34]} 27. fxe3 {[%clk 0:16:30]} Nd5
{[%clk 0:12:20]} 28. e4 {[%clk 0:16:38]} Nc3 {[%clk 0:12:27]} 29. Ra5
{[%clk 0:16:37]} Nxe2+ {[%clk 0:12:24]} 30. Kg2 {[%clk 0:16:43]} Nd4
{[%clk 0:12:32]} 31. Nd2 {[%clk 0:16:37]} h5 {[%clk 0:12:37]} 32. h4 gxh3+ 33.
Kxh3 {[%clk 0:16:35]} Bh6 {[%clk 0:12:49]} 34. R1a2 {[%clk 0:16:16]} Bxd2
{[%clk 0:12:57]} 35. Kh4 {[%clk 0:16:24]} Nxb3 {[%clk 0:12:55]} 36. R5a4
{[%clk 0:16:31]} Bc3 {[%clk 0:12:58]} 37. Kxh5 {[%clk 0:16:37]} Nd4
{[%clk 0:13:01]} 38. g4 {[%clk 0:16:35]} Rda8 {[%clk 0:13:00]} 39. g5
{[%clk 0:16:40]} Nc6 {[%clk 0:13:07]} 40. Kh6 {[%clk 0:16:26]} Nb8
{[%clk 0:13:15]} 41. Rf2 {[%clk 0:16:30]} Rxa6 {[%clk 0:13:08]} 42. Rxa6
{[%clk 0:16:38]} Nxa6 {[%clk 0:13:16]} 43. Rf6 {[%clk 0:16:43]} Rd8
{[%clk 0:13:15]} 44. Kh5 {[%clk 0:16:47]} b3 {[%clk 0:13:20]} 45. Rf1
{[%clk 0:16:49]} b2 {[%clk 0:13:25]} 46. Kh6 {[%clk 0:16:55]} Rb8
{[%clk 0:13:31]} 47. Rb1 {[%clk 0:17:04]} Nb4 {[%clk 0:13:35]} 48. Kh5
{[%clk 0:17:06]} Nxd3 {[%clk 0:13:42]} 49. g6 {[%clk 0:17:14]} fxg6+
{[%clk 0:13:50]} 50. Kxg6 {[%clk 0:17:23]} Nf2 {[%clk 0:13:51]} 51. Kh6
{[%clk 0:17:25]} Nxe4 {[%clk 0:13:59]} 52. Kh5 {[%clk 0:17:28]} Nd2
{[%clk 0:14:07]} 53. Rg1+ {[%clk 0:17:36]} Kf7 {[%clk 0:14:16]} 0-1

[Event "Nationale pupillendag 2017 - categorie F"]
[Site "Meppel"]
[Date "2017.06.17"]
[Round "5.4"]
[White "Aubel, Koen"]
[Black "Ponomarev, Ivan"]
[Result "0-1"]
[BlackElo "740"]
[WhiteElo "819"]
[LiveChessVersion "1.4.8"]

1. e4 {[%clk 0:15:19]} e5 {[%clk 0:15:18]} 2. Nf3 {[%clk 0:15:28]} Nc6
{[%clk 0:15:27]} 3. Bb5 {[%clk 0:15:36]} a6 {[%clk 0:15:35]} 4. Bxc6
{[%clk 0:15:44]} dxc6 {[%clk 0:15:41]} 5. d3 {[%clk 0:15:48]} f6 {[%clk 0:15:33]}
6. Nbd2 Be6 {[%clk 0:15:20]} 7. Nc4 {[%clk 0:15:55]} Bxc4 {[%clk 0:15:04]} 8.
dxc4 {[%clk 0:16:01]} Qxd1+ {[%clk 0:15:12]} 9. Kxd1 {[%clk 0:16:09]} O-O-O+
{[%clk 0:15:19]} 10. Ke1 {[%clk 0:16:14]} Bc5 {[%clk 0:14:36]} 11. Be3
{[%clk 0:15:45]} Bxe3 {[%clk 0:14:24]} 12. fxe3 {[%clk 0:15:53]} Nh6
{[%clk 0:13:27]} 13. Ke2 {[%clk 0:15:54]} Nf7 {[%clk 0:13:35]} 14. Rad1
{[%clk 0:16:00]} Rxd1 {[%clk 0:13:06]} 15. Rxd1 {[%clk 0:16:08]} Nd6
{[%clk 0:12:27]} 16. Kd3 {[%clk 0:15:50]} Rd8 {[%clk 0:12:06]} 17. c5
{[%clk 0:15:59]} Nxe4+ {[%clk 0:12:02]} 18. Ke2 {[%clk 0:16:06]} Rxd1
{[%clk 0:12:10]} 19. Kxd1 {[%clk 0:16:14]} Nxc5 {[%clk 0:12:19]} 20. b4
{[%clk 0:16:11]} Ne4 {[%clk 0:11:05]} 21. Kc1 {[%clk 0:15:55]} Kd7
{[%clk 0:10:49]} 22. Kb2 {[%clk 0:16:02]} Ke6 {[%clk 0:10:49]} 23. Kb3
{[%clk 0:16:05]} b5 {[%clk 0:10:12]} 24. c4 {[%clk 0:16:09]} Nd6 {[%clk 0:09:49]}
25. c5 {[%clk 0:16:13]} Nc4 {[%clk 0:09:23]} 26. e4 {[%clk 0:16:13]} h6
{[%clk 0:09:03]} 27. a3 {[%clk 0:16:13]} f5 {[%clk 0:09:05]} 28. exf5+
{[%clk 0:16:20]} Kxf5 {[%clk 0:09:13]} 29. Nh4+ {[%clk 0:16:12]} Kf6
{[%clk 0:08:37]} 30. g3 {[%clk 0:16:09]} e4 {[%clk 0:08:22]} 31. h3
{[%clk 0:15:58]} e3 {[%clk 0:08:07]} 32. Ng2 {[%clk 0:16:05]} g5 {[%clk 0:07:41]}
33. Kc3 {[%clk 0:16:12]} Kf5 {[%clk 0:07:43]} 34. Kd3 {[%clk 0:16:17]} Nxa3
{[%clk 0:07:43]} 35. Nxe3+ {[%clk 0:16:25]} Kg6 {[%clk 0:07:02]} 36. Kc3
{[%clk 0:16:25]} h5 {[%clk 0:06:54]} 37. Kb3 {[%clk 0:16:27]} Nc4
{[%clk 0:07:03]} 38. Nxc4 {[%clk 0:16:30]} bxc4+ {[%clk 0:07:11]} 39. Kxc4
{[%clk 0:16:39]} h4 {[%clk 0:07:19]} 40. g4 {[%clk 0:16:43]} Kf6 {[%clk 0:07:28]}
41. Kd4 {[%clk 0:16:52]} Kg6 {[%clk 0:07:37]} 42. Ke4 {[%clk 0:17:00]} Kf6
{[%clk 0:07:46]} 43. Kd3 {[%clk 0:17:03]} Ke5 {[%clk 0:07:30]} 44. Ke3
{[%clk 0:17:12]} Kd5 {[%clk 0:07:38]} 45. Kd3 {[%clk 0:17:21]} a5
{[%clk 0:07:16]} 46. bxa5 {[%clk 0:17:22]} Kxc5 {[%clk 0:07:25]} 47. a6
{[%clk 0:17:31]} Kb6 {[%clk 0:07:34]} 48. a7 {[%clk 0:17:35]} Kxa7
{[%clk 0:07:43]} 49. Kc4 {[%clk 0:17:42]} Kb6 {[%clk 0:07:52]} 50. Kb4
{[%clk 0:17:50]} c5+ {[%clk 0:08:02]} 51. Kc4 {[%clk 0:17:59]} Kc6
{[%clk 0:08:11]} 52. Kc3 {[%clk 0:18:08]} Kd5 {[%clk 0:08:20]} 53. Kd3
{[%clk 0:18:18]} c4+ {[%clk 0:08:29]} 54. Kc3 c5 {[%clk 0:08:38]} 55. Kc2
{[%clk 0:18:33]} Kd4 {[%clk 0:08:47]} 56. Kd2 {[%clk 0:18:43]} c3+
{[%clk 0:08:56]} 57. Kc2 {[%clk 0:18:52]} c4 {[%clk 0:09:06]} 58. Kc1
{[%clk 0:19:00]} Kd3 {[%clk 0:09:15]} 59. Kd1 {[%clk 0:19:09]} c2+
{[%clk 0:09:24]} 60. Kc1 {[%clk 0:19:19]} Ke3 {[%clk 0:09:27]} 61. Kxc2
{[%clk 0:19:28]} Kf3 {[%clk 0:09:36]} 62. Kc3 {[%clk 0:19:37]} Kg3
{[%clk 0:09:45]} 63. Kxc4 {[%clk 0:19:46]} Kxh3 {[%clk 0:09:54]} 64. Kd3
{[%clk 0:19:55]} Kxg4 {[%clk 0:10:01]} 65. Ke2 {[%clk 0:20:05]} h3
{[%clk 0:10:10]} 66. Kf1 {[%clk 0:20:14]} Kg3 {[%clk 0:10:19]} 67. Kg1
{[%clk 0:20:23]} Kf3 {[%clk 0:10:26]} 68. Kh2 {[%clk 0:20:32]} Kf2
{[%clk 0:10:35]} 0-1